[Event "POL-chT3 Slaskie"]
[Site "Poland"]
[Date "2008.05.10"]
[Round "8.31"]
[White "Dabek, Roman"]
[Black "Dors, Ryszard"]
[Result "1/2-1/2"]
[WhiteElo "2358"]
[BlackElo "2239"]
[PlyCount "87"]
[EventDate "2008.02.03"]
[EventType "team-swiss"]
[EventRounds "9"]
[EventCountry "POL"]
[SourceTitle "EXT 2019"]
[Source "ChessBase"]
[SourceDate "2018.10.10"]
[SourceVersion "1"]
[SourceVersionDate "2018.10.10"]
[SourceQuality "1"]

1. c4 Nf6 2. Nc3 d5 3. e3 g6 4. b3 Bg7 5. Bb2 0-0 6. Nxd5 Nxd5 7. Bxg7 Kxg7 8. cxd5 Qxd5 9. Qc2 Rd8 10. Nf3 c5 11. Rc1 b6 12. Bc4 Qd6 13. Qc3+ Qf6 14. Ne5 e6 15. 0-0 Bb7 16. Bb5 a6 17. Be2 Nd7 18. f4 Nxe5 19. fxe5 Qg5 20. Rf2 Rd7 21. Rcf1 Rad8 22. Rd1 Rc8 23. a3 Rcc7 24. Rdf1 Qd8 25. Rd1 b5 26. Bf1 Qg5 27. Rc1 Qd8 28. Qb2 Be4 29. d4 cxd4 30. Rxc7 Rxc7 31. exd4 Qg5 32. a4 Qe3 33. Qd2 Qxb3 34. Qf4 Qd5 35. axb5 axb5 36. Bxb5 Rb7 37. h4 h5 38. Kh2 Bf5 39. Bf1 Qe4 40. Qxe4 Bxe4 41. Rd2 Bd5 42. Kg3 Rb4 43. Be2 Ra4 44. Bd1 1/2-1/2

[Event "POL-chT3 Slaskie"]
[Site "Poland"]
[Date "2008.02.19"]
[Round "4.2"]
[White "Dabek, Roman"]
[Black "Walach, Marcin"]
[Result "0-1"]
[WhiteElo "2358"]
[BlackElo "2412"]
[PlyCount "60"]
[EventDate "2008.02.03"]
[EventType "team-swiss"]
[EventRounds "9"]
[EventCountry "POL"]
[SourceTitle "EXT 2019"]
[Source "ChessBase"]
[SourceDate "2018.10.10"]
[SourceVersion "1"]
[SourceVersionDate "2018.10.10"]
[SourceQuality "1"]

1. g3 e5 2. Bg2 Nf6 3. d3 d5 4. Nf3 Nc6 5. 0-0 Bc5 6. Bg5 h6 7. Bxf6 Qxf6 8. Nc3 Be6 9. e4 d4 10. Ne2 g5 11. a3 a5 12. Nd2 0-0-0 13. f3 h5 14. Rf2 Qh6 15. Kh1 g4 16. fxg4 hxg4 17. Nf1 Be7 18. Qe1 Bg5 19. b4 Be3 20. Rf5 f6 21. bxa5 Ne7 22. Qb4 Nxf5 23. exf5 Qxh2+ 24. Nxh2 Rxh2+ 25. Kxh2 Rh8+ 26. Bh3 Rxh3+ 27. Kg2 Bd5+ 28. Kf1 Rh1+ 29. Ng1 Rxg1+ 30. Ke2 Bf3# 0-1

[Event "POL-chT3 Slaskie"]
[Site "Poland"]
[Date "2008.02.19"]
[Round "3.2"]
[White "Malecki, Rafal"]
[Black "Dabek, Roman"]
[Result "0-1"]
[WhiteElo "2144"]
[BlackElo "2358"]
[PlyCount "46"]
[EventDate "2008.02.03"]
[EventType "team-swiss"]
[EventRounds "9"]
[EventCountry "POL"]
[SourceTitle "EXT 2019"]
[Source "ChessBase"]
[SourceDate "2018.10.10"]
[SourceVersion "1"]
[SourceVersionDate "2018.10.10"]
[SourceQuality "1"]

1. e4 c5 2. Nf3 e6 3. b3 d5 4. exd5 exd5 5. d4 Nc6 6. Bb2 Nf6 7. Be2 Be6 8. 0-0 Be7 9. Nbd2 0-0 10. dxc5 Bxc5 11. Ng5 h6 12. Nxe6 fxe6 13. c4 Qb6 14. cxd5 exd5 15. Rc1 Rad8 16. Qc2 Bd6 17. Nf3 Ne4 18. a3 a5 19. Bd3 Rf4 20. Rce1 Bc5 21. Bc1 Rxf3 22. gxf3 Nd4 23. Qd1 Nc3 0-1

[Event "POL-chT3 Liga Slaska"]
[Site "Poland"]
[Date "2007.05.12"]
[Round "7"]
[White "Dabek, Roman"]
[Black "Stanisz, Patryk"]
[Result "1-0"]
[WhiteElo "2371"]
[BlackElo "2178"]
[PlyCount "75"]
[EventDate "2007.01.28"]
[EventType "team-swiss"]
[EventRounds "9"]
[EventCountry "POL"]
[SourceTitle "EXT 2011"]
[Source "ChessBase"]
[SourceDate "2010.11.26"]
[SourceVersion "1"]
[SourceVersionDate "2010.11.26"]
[SourceQuality "1"]
[WhiteTeam "Katowice Hetman Szopienice III"]
[BlackTeam "Mikolow AKS"]
[WhiteTeamCountry "POL"]
[BlackTeamCountry "POL"]

1. Nf3 d5 2. b3 c5 3. Bb2 Nc6 4. e3 Nf6 5. Bb5 Bg4 6. h3 Bh5 7. c4 e6 8. cxd5 exd5 9. Bxc6+ bxc6 10. d3 Be7 11. 0-0 0-0 12. Nbd2 Nd7 13. Qc2 a5 14. a4 Bf6 15. Rac1 Bxb2 16. Qxb2 Qb6 17. Qc3 Rac8 18. d4 cxd4 19. Nxd4 f6 20. Ne6 Rfe8 21. Nc5 Ne5 22. f4 Nc4 23. Nxc4 Qxc5 24. Nxa5 Qb6 25. Qc5 Qxc5 26. Rxc5 Rxe3 27. Nxc6 Kf8 28. b4 Rb3 29. b5 Be2 30. Rfc1 Ra8 31. Nd4 Rb2 32. Rc8+ Rxc8 33. Rxc8+ Ke7 34. Nxe2 Rxe2 35. b6 Rb2 36. a5 Kd6 37. Rd8+ Kc6 38. a6 1-0

[Event "POL-chT3 Liga Slaska"]
[Site "Poland"]
[Date "2007.05.12"]
[Round "8"]
[White "Masternak, Aleksander"]
[Black "Dabek, Roman"]
[Result "0-1"]
[WhiteElo "2253"]
[BlackElo "2371"]
[PlyCount "109"]
[EventDate "2007.01.28"]
[EventType "team-swiss"]
[EventRounds "9"]
[EventCountry "POL"]
[SourceTitle "EXT 2011"]
[Source "ChessBase"]
[SourceDate "2010.11.26"]
[SourceVersion "1"]
[SourceVersionDate "2010.11.26"]
[SourceQuality "1"]
[WhiteTeam "Dabrowa Gornicza Zaglebie"]
[BlackTeam "Katowice Hetman Szopienice III"]
[WhiteTeamCountry "POL"]
[BlackTeamCountry "POL"]

1. Nf3 Nf6 2. c4 b6 3. g3 Bb7 4. Bg2 c5 5. 0-0 e6 6. Nc3 a6 7. b3 Qc7 8. d4 cxd4 9. Qxd4 d6 10. e4 Nbd7 11. Rd1 Be7 12. Ba3 Nc5 13. e5 dxe5 14. Qxe5 Rc8 15. Qxc7 Rxc7 16. Ne5 Bxg2 17. Kxg2 0-0 18. Bc1 Rfc8 19. Be3 Rb7 20. Rac1 Kf8 21. Ne2 Ncd7 22. Bf4 Ba3 23. Nxd7+ Rxd7 24. Rxd7 Nxd7 25. Rd1 Ke7 26. Nd4 Bc5 27. Nc2 a5 28. a3 e5 29. Bc1 Ke6 30. Ne3 a4 31. bxa4 Ra8 32. Nd5 Rxa4 33. Nc7+ Ke7 34. Nd5+ Ke8 35. Bg5 f6 36. Nc7+ Kd8 37. Ne6+ Ke7 38. Nxc5 bxc5 39. Be3 Rxc4 40. Ra1 Ra4 41. Rc1 Kd6 42. Rc3 c4 43. Rc1 Nc5 44. Rd1+ Nd3 45. Bd2 Kc6 46. Ra1 Nc5 47. Bb4 Nb3 48. Rd1 Nd4 49. f4 Kd5 50. Bf8 c3 51. Bxg7 c2 52. Rc1 Rc4 53. fxe5 Ne2 54. exf6 Ke6 55. Re1 0-1

[Event "POL-chT3 Liga Slaska"]
[Site "Poland"]
[Date "2007.03.18"]
[Round "5"]
[White "Dabek, Roman"]
[Black "Walach, Marcin"]
[Result "0-1"]
[WhiteElo "2371"]
[BlackElo "2365"]
[PlyCount "57"]
[EventDate "2007.01.28"]
[EventType "team-swiss"]
[EventRounds "9"]
[EventCountry "POL"]
[SourceTitle "EXT 2011"]
[Source "ChessBase"]
[SourceDate "2010.11.26"]
[SourceVersion "1"]
[SourceVersionDate "2010.11.26"]
[SourceQuality "1"]
[WhiteTeam "Katowice Hetman Szopienice III"]
[BlackTeam "Czerwionka Gornik 23"]
[WhiteTeamCountry "POL"]
[BlackTeamCountry "POL"]

1. Nf3 d5 2. b3 Nf6 3. Bb2 g6 4. c4 c6 5. e3 Bg7 6. Be2 0-0 7. 0-0 Bf5 8. Nc3 Ne4 9. Qc1 Nc5 10. d4 Nd3 11. Qd2 Nxb2 12. Qxb2 Qd6 13. Rac1 dxc4 14. Bxc4 Nd7 15. e4 Bg4 16. e5 Qb4 17. a3 Qa5 18. b4 Qd8 19. Be2 Bh6 20. Rcd1 Nb6 21. Ne4 Nd5 22. h3 Bf5 23. Ng3 Be6 24. Ne4 Nf4 25. Nc5 Bd5 26. Nxb7 Qc8 27. Nc5 Nxh3+ 28. Kh2 Nf4 29. g3 0-1

[Event "POL-chT 61st"]
[Site "Lubniewice"]
[Date "2005.09.10"]
[Round "8"]
[White "Dabek, Roman"]
[Black "Markowski, Tomasz"]
[Result "0-1"]
[WhiteElo "2379"]
[BlackElo "2564"]
[PlyCount "62"]
[EventDate "2005.09.03"]
[EventType "team-tourn"]
[EventRounds "9"]
[EventCountry "POL"]
[SourceTitle "EXT 2019"]
[Source "ChessBase"]
[SourceDate "2018.10.10"]
[SourceVersion "1"]
[SourceVersionDate "2018.10.10"]
[SourceQuality "1"]
[WhiteTeam "Katowice Hetman Szopienice"]
[BlackTeam "Warszawa Polonia"]
[WhiteTeamCountry "POL"]
[BlackTeamCountry "POL"]

1. g3 c5 2. Bg2 g6 3. f4 Bg7 4. Nf3 Nc6 5. d3 d6 6. e4 e5 7. Nc3 Nge7 8. Be3 Nd4 9. h3 exf4 10. Bxf4 h6 11. Qd2 g5 12. Be3 Be6 13. Nd1 d5 14. c3 Nxf3+ 15. Bxf3 d4 16. Bg1 Nc6 17. Nf2 dxc3 18. bxc3 Qf6 19. Ke2 Qxc3 20. Qxc3 Bxc3 21. Rb1 b6 22. Nd1 Be5 23. a3 Bxg3 24. Nb2 Rd8 25. Be3 Ke7 26. Bg2 Rd7 27. Bf1 Rhd8 28. Kf3 Be5 29. Nc4 Bd4 30. Bc1 f5 31. h4 fxe4+ 0-1

[Event "POL-chT 61st"]
[Site "Lubniewice"]
[Date "2005.09.07"]
[Round "5"]
[White "Jakubiec, Artur"]
[Black "Dabek, Roman"]
[Result "1-0"]
[WhiteElo "2538"]
[BlackElo "2379"]
[PlyCount "43"]
[EventDate "2005.09.03"]
[EventType "team-tourn"]
[EventRounds "9"]
[EventCountry "POL"]
[SourceTitle "EXT 2019"]
[Source "ChessBase"]
[SourceDate "2018.10.10"]
[SourceVersion "1"]
[SourceVersionDate "2018.10.10"]
[SourceQuality "1"]
[WhiteTeam "Plock PTSz"]
[BlackTeam "Katowice Hetman Szopienice"]
[WhiteTeamCountry "POL"]
[BlackTeamCountry "POL"]

1. e4 c5 2. c3 d5 3. exd5 Qxd5 4. d4 e6 5. Nf3 Nf6 6. Na3 cxd4 7. Nb5 Na6 8. Qxd4 Qxd4 9. Nfxd4 Nd5 10. Bc4 Nb6 11. Be2 e5 12. Nb3 Bd7 13. Na5 Bc6 14. 0-0 Be7 15. Nxc6 bxc6 16. Nd4 Nb8 17. Nf5 Bf8 18. Rd1 N8d7 19. Bf3 Rc8 20. b3 Nb8 21. Bg5 f6 22. Bxf6 1-0

[Event "POL-chT 61st"]
[Site "Lubniewice"]
[Date "2005.09.05"]
[Round "3"]
[White "Skalski, Michal"]
[Black "Dabek, Roman"]
[Result "1/2-1/2"]
[WhiteElo "2334"]
[BlackElo "2379"]
[PlyCount "66"]
[EventDate "2005.09.03"]
[EventType "team-tourn"]
[EventRounds "9"]
[EventCountry "POL"]
[SourceTitle "EXT 2019"]
[Source "ChessBase"]
[SourceDate "2018.10.10"]
[SourceVersion "1"]
[SourceVersionDate "2018.10.10"]
[SourceQuality "1"]
[WhiteTeam "Rzeszow Zelmer"]
[BlackTeam "Katowice Hetman Szopienice"]
[WhiteTeamCountry "POL"]
[BlackTeamCountry "POL"]

1. d4 Nf6 2. c4 e6 3. Nf3 b6 4. Nc3 Bb4 5. Bg5 Bxc3+ 6. bxc3 h6 7. Bh4 Qe7 8. Nd2 Qa3 9. Qc2 Bb7 10. f3 d6 11. e4 Nfd7 12. Be2 Nc6 13. 0-0 e5 14. Bf2 Nd8 15. Rfd1 Ne6 16. Qb3 Qxb3 17. axb3 c5 18. dxe5 Nxe5 19. Nf1 Nf4 20. Ra2 0-0-0 21. Ne3 Kc7 22. Bf1 a5 23. Kh1 g5 24. g3 Nfg6 25. Bg2 f6 26. Kg1 h5 27. Rad2 h4 28. Nf5 h3 29. Bh1 Nf7 30. Ne3 Nfe5 31. Nf5 Nf7 32. Ne3 Nfe5 33. Nf5 Nf7 1/2-1/2

[Event "POL-chT 60th 1st League"]
[Site "Ustron"]
[Date "2004.09.06"]
[Round "3"]
[White "Markiewicz, Jerzy"]
[Black "Dabek, Roman"]
[Result "1-0"]
[WhiteElo "2316"]
[BlackElo "2389"]
[PlyCount "93"]
[EventDate "2004.09.04"]
[EventType "team-tourn"]
[EventRounds "9"]
[EventCountry "POL"]
[SourceTitle "EXT 2007"]
[Source "ChessBase"]
[SourceDate "2006.11.23"]
[SourceVersion "1"]
[SourceVersionDate "2006.11.23"]
[SourceQuality "1"]
[WhiteTeam "Dankowice Pasjonat"]
[BlackTeam "Szopienice HetMaN"]
[WhiteTeamCountry "POL"]
[BlackTeamCountry "POL"]

1. d4 Nf6 2. Nf3 e6 3. c4 b6 4. Nc3 Bb7 5. a3 d5 6. cxd5 Nxd5 7. e3 c5 8. Bb5+ Bc6 9. Qa4 Qd7 10. Bxc6 Qxc6 11. Qxc6+ Nxc6 12. Nxd5 exd5 13. dxc5 bxc5 14. Bd2 a5 15. Bc3 a4 16. 0-0-0 Ne7 17. Ne5 Rc8 18. e4 d4 19. Bd2 Nc6 20. Nc4 Rb8 21. Kc2 Kd7 22. Bf4 Rb5 23. Rd3 Be7 24. b3 Ra8 25. Bd2 axb3+ 26. Rxb3 Rxb3 27. Kxb3 Bd8 28. Rb1 Bc7 29. f4 Nd8 30. a4 Kc6 31. Ka3 Ne6 32. g3 Nf8 33. Rb5 Nd7 34. Ba5 Ra6 35. Bxc7 Kxc7 36. a5 f6 37. Ka4 Re6 38. e5 fxe5 39. fxe5 Kc6 40. a6 Kd5 41. a7 Re8 42. Kb3 d3 43. Rb7 Ke6 44. Kc3 Rd8 45. Kd2 Kd5 46. Rxd7+ Rxd7 47. a8Q+ 1-0

[Event "POL-chT 60th 1st League"]
[Site "Ustron"]
[Date "2004.09.05"]
[Round "2"]
[White "Dabek, Roman"]
[Black "Turlej, Lukasz"]
[Result "1-0"]
[WhiteElo "2389"]
[BlackElo "2111"]
[PlyCount "89"]
[EventDate "2004.09.04"]
[EventType "team-tourn"]
[EventRounds "9"]
[EventCountry "POL"]
[SourceTitle "EXT 2007"]
[Source "ChessBase"]
[SourceDate "2006.11.23"]
[SourceVersion "1"]
[SourceVersionDate "2006.11.23"]
[SourceQuality "1"]
[WhiteTeam "Szopienice HetMaN"]
[BlackTeam "Katowice Start"]
[WhiteTeamCountry "POL"]
[BlackTeamCountry "POL"]

1. Nf3 d6 2. d4 f5 3. b3 Nf6 4. Bb2 g6 5. e3 Bg7 6. Be2 0-0 7. 0-0 e6 8. Nbd2 b6 9. Re1 Ne4 10. c4 Bb7 11. Qc2 Nd7 12. b4 Qe7 13. Rac1 Ndf6 14. Nxe4 Nxe4 15. c5 Bd5 16. Ba3 Rf7 17. Nd2 Nxd2 18. Qxd2 f4 19. exf4 Qf6 20. cxd6 cxd6 21. Bc4 Qxf4 22. Qxf4 Rxf4 23. Bxd5 exd5 24. Rc2 Bxd4 25. Rd1 Raf8 26. Rdd2 b5 27. g3 Re4 28. Kg2 Rf5 29. Rc8+ Kg7 30. Rxd4 Re2 31. Rf4 d4 32. Rxf5 gxf5 33. Rd8 Rxa2 34. Bc1 Ra4 35. Rxd6 Rxb4 36. Rd7+ Kg6 37. Rxa7 Rc4 38. Bf4 d3 39. Rd7 Rc3 40. Bd2 Rb3 41. Kf3 Kf6 42. Ke3 Rb1 43. Kxd3 h5 44. h4 Rb3+ 45. Ke2 1-0

[Event "POL-chT 1st League"]
[Site "Ustron"]
[Date "2003.09.13"]
[Round "8"]
[White "Dabek, Roman"]
[Black "Gralka, Julian"]
[Result "1-0"]
[WhiteElo "2387"]
[BlackElo "2283"]
[PlyCount "40"]
[EventDate "2003.09.06"]
[EventType "team-tourn"]
[EventRounds "9"]
[EventCountry "POL"]
[SourceTitle "EXT 2005"]
[Source "ChessBase"]
[SourceDate "2004.11.15"]
[SourceVersion "1"]
[SourceVersionDate "2004.11.15"]
[SourceQuality "1"]
[WhiteTeam "Szopienice HetMaN"]
[BlackTeam "Bydgoszcz Chemik"]
[WhiteTeamCountry "POL"]
[BlackTeamCountry "POL"]

1. Nf3 d5 2. e3 Nf6 3. b3 Bg4 4. h3 Bxf3 5. gxf3 g6 6. Bb2 Bg7 7. f4 Nbd7 8. c4 c6 9. d4 0-0 10. Nc3 e6 11. Bg2 Nb6 12. Qe2 a5 13. 0-0 Re8 14. Rfd1 Qb8 15. Qd3 Nc8 16. Ba3 Nd6 17. Bxd6 Qxd6 18. c5 Qc7 19. Na4 Nd7 20. Rdc1 f6 1-0

[Event "POL-chT 1st League"]
[Site "Ustron"]
[Date "2003.09.09"]
[Round "4"]
[White "Dabek, Roman"]
[Black "Mammadov, Vafa"]
[Result "0-1"]
[WhiteElo "2387"]
[BlackElo "2200"]
[PlyCount "79"]
[EventDate "2003.09.06"]
[EventType "team-tourn"]
[EventRounds "9"]
[EventCountry "POL"]
[SourceTitle "EXT 2005"]
[Source "ChessBase"]
[SourceDate "2004.11.15"]
[SourceVersion "1"]
[SourceVersionDate "2004.11.15"]
[SourceQuality "1"]
[WhiteTeam "Szopienice HetMaN"]
[BlackTeam "Lomza Devo Maraton"]
[WhiteTeamCountry "POL"]
[BlackTeamCountry "POL"]

1. Nf3 d5 2. b3 Bg4 3. e3 e6 4. Be2 Bd6 5. h3 Bxf3 6. Bxf3 Nf6 7. Bb2 0-0 8. c4 c6 9. 0-0 Nbd7 10. Qc2 Ne5 11. Be2 Rc8 12. Nc3 Bb8 13. d4 Ng6 14. Rad1 Qc7 15. g3 h5 16. f4 b5 17. Bd3 Ne7 18. cxb5 cxb5 19. Qe2 b4 20. Na4 Nf5 21. Kg2 Qd6 22. Nc5 a5 23. g4 hxg4 24. hxg4 Nxg4 25. Bc1 Nf6 26. Rh1 g6 27. Bxf5 exf5 28. Kf3 Kg7 29. Rh2 Ng4 30. Rh3 Rh8 31. Rdh1 Rxh3+ 32. Rxh3 Ba7 33. Qe1 Bxc5 34. dxc5 Qxc5 35. Bb2+ f6 36. Bd4 Qc2 37. Qh4 Qd1+ 38. Kg3 Qe1+ 39. Kf3 Qxh4 40. Rxh4 0-1

[Event "POL-chT 1st League"]
[Site "Ustron"]
[Date "2003.09.08"]
[Round "3"]
[White "Tomczak, Rafal"]
[Black "Dabek, Roman"]
[Result "1/2-1/2"]
[WhiteElo "2295"]
[BlackElo "2387"]
[PlyCount "63"]
[EventDate "2003.09.06"]
[EventType "team-tourn"]
[EventRounds "9"]
[EventCountry "POL"]
[SourceTitle "EXT 2005"]
[Source "ChessBase"]
[SourceDate "2004.11.15"]
[SourceVersion "1"]
[SourceVersionDate "2004.11.15"]
[SourceQuality "1"]
[WhiteTeam "Poznan Lech"]
[BlackTeam "Szopienice HetMaN"]
[WhiteTeamCountry "POL"]
[BlackTeamCountry "POL"]

1. e4 c5 2. Nf3 e6 3. d4 cxd4 4. Nxd4 a6 5. Bd3 g6 6. 0-0 Bg7 7. c3 Nc6 8. Nxc6 bxc6 9. f4 d5 10. Nd2 Ne7 11. Kh1 0-0 12. Nb3 a5 13. Nc5 Qb6 14. Be3 dxe4 15. Bxe4 Nd5 16. Bg1 Qxb2 17. Na4 Qb8 18. Rb1 Qc7 19. c4 Nf6 20. Bb6 Qd7 21. Bf3 Re8 22. Nc5 Qxd1 23. Rfxd1 e5 24. Bxc6 Bf5 25. Rb5 e4 26. Bxa8 Rxa8 27. h3 h5 28. Rxa5 Re8 29. Nb3 e3 30. Re5 e2 31. Re1 Rb8 32. c5 1/2-1/2

[Event "POL-chT 1st League"]
[Site "Ustron"]
[Date "2003.09.07"]
[Round "2"]
[White "Dabek, Roman"]
[Black "Jaworski, Miroslaw"]
[Result "0-1"]
[WhiteElo "2387"]
[BlackElo "2377"]
[PlyCount "41"]
[EventDate "2003.09.06"]
[EventType "team-tourn"]
[EventRounds "9"]
[EventCountry "POL"]
[SourceTitle "EXT 2005"]
[Source "ChessBase"]
[SourceDate "2004.11.15"]
[SourceVersion "1"]
[SourceVersionDate "2004.11.15"]
[SourceQuality "1"]
[WhiteTeam "Szopienice HetMaN"]
[BlackTeam "Raciborz Rzemioslo"]
[WhiteTeamCountry "POL"]
[BlackTeamCountry "POL"]

1. Nf3 d5 2. b3 Bg4 3. e3 Nd7 4. h3 Bh5 5. Bb2 e6 6. Be2 Ngf6 7. Ne5 Bxe2 8. Qxe2 Nxe5 9. Bxe5 c6 10. 0-0 Bd6 11. f4 0-0 12. Bxf6 Qxf6 13. d4 c5 14. Qf2 Rac8 15. c3 b5 16. a3 a5 17. Qd2 Rc7 18. Qd3 Rb8 19. Nd2 cxd4 20. cxd4 Qf5 21. Qe4 0-1

[Event "POL-chT2 South"]
[Site "Ustron"]
[Date "2001.09.??"]
[Round "?"]
[White "Zezulkin, Jurij"]
[Black "Dabek, Roman"]
[Result "1-0"]
[WhiteElo "2529"]
[BlackElo "2404"]
[PlyCount "67"]
[EventDate "2001.09.14"]
[EventType "team-swiss"]
[EventRounds "10"]
[EventCountry "POL"]
[SourceTitle "EXT 2019"]
[Source "ChessBase"]
[SourceDate "2018.10.10"]
[SourceVersion "1"]
[SourceVersionDate "2018.10.10"]
[SourceQuality "1"]
[WhiteTeam "Kozuchow Odrodzenie"]
[WhiteTeamCountry "POL"]

1. e4 c5 2. Nf3 e6 3. d4 cxd4 4. Nxd4 a6 5. Nc3 Qc7 6. Bd3 Nc6 7. Be3 g6 8. f4 Bg7 9. e5 d6 10. Nxc6 Qxc6 11. Qd2 Bd7 12. 0-0-0 dxe5 13. Be4 Qc7 14. fxe5 Bxe5 15. Rhf1 f5 16. Qf2 Nf6 17. Bb6 Nxe4 18. Nxe4 Qc6 19. Ng5 Bf6 20. Nf3 0-0 21. Bd4 Bxd4 22. Rxd4 Be8 23. Re1 Qb6 24. Qd2 Bf7 25. Qh6 Be8 26. Ng5 Rf7 27. c3 Rc8 28. Rxe6 Qa5 29. Nxf7 Bxf7 30. Red6 Bxa2 31. Qg5 Re8 32. Rd8 Bf7 33. Qe7 Rxd8 34. Rxd8+ 1-0

[Event "POL-chT reg"]
[Site "Poland"]
[Date "1995.??.??"]
[Round "?"]
[White "Judycki, Wieslaw"]
[Black "Dabek, Roman"]
[Result "0-1"]
[WhiteElo "2145"]
[BlackElo "2360"]
[PlyCount "82"]
[EventDate "1995.??.??"]
[EventType "team"]
[EventRounds "11"]
[EventCountry "POL"]
[SourceTitle "EXT 2001"]
[Source "ChessBase"]
[SourceDate "2000.11.22"]
[SourceVersion "1"]
[SourceVersionDate "2000.11.22"]
[SourceQuality "1"]

1. d4 Nf6 2. c4 e6 3. Nc3 Bb4 4. e3 b6 5. Nge2 Bb7 6. a3 Bxc3+ 7. Nxc3 d5 8. b3 0-0 9. a4 Nbd7 10. Ba3 Re8 11. Qc2 c5 12. Rg1 Qc7 13. g4 dxc4 14. bxc4 cxd4 15. exd4 Qf4 16. Rd1 e5 17. d5 e4 18. Bc1 Qxh2 19. Rg2 Qh4 20. Be3 Nxg4 21. Kd2 Nxe3 22. fxe3 f5 23. Ne2 Ne5 24. Nf4 Nf3+ 25. Kc1 Ne1 26. Rxg7+ Kxg7 27. Qc3+ Kf7 28. Be2 Nf3 29. c5 Qf6 30. Qb3 Kf8 31. c6 Bxc6 32. dxc6 Qxc6+ 33. Kb1 Rac8 34. Kb2 Qf6+ 35. Ka2 Qf7 36. Nd5 Rc5 37. Qb4 Ne5 38. Kb1 Nd3 39. Bxd3 Qxd5 40. Be2 Qe5 41. Bh5 Qh2 0-1

[Event "Katowice Fibak op"]
[Site "Katowice"]
[Date "1993.??.??"]
[Round "7"]
[White "Dabek, Roman"]
[Black "Belov, Igor"]
[Result "1/2-1/2"]
[WhiteElo "2370"]
[BlackElo "2440"]
[PlyCount "140"]
[EventDate "1993.01.??"]
[EventType "swiss"]
[EventRounds "9"]
[EventCountry "POL"]
[SourceTitle "EXT 1998"]
[Source "ChessBase"]
[SourceDate "1997.11.17"]
[SourceVersion "1"]
[SourceVersionDate "1997.11.17"]
[SourceQuality "1"]

1. Nf3 g6 2. g3 Bg7 3. Bg2 d5 4. 0-0 e5 5. c4 dxc4 6. Qa4+ Nc6 7. Qxc4 Nge7 8. d3 0-0 9. Nc3 Be6 10. Qa4 Nd4 11. Nxd4 exd4 12. Ne4 Bd5 13. Bg5 f6 14. Bf4 f5 15. Ng5 Bxg2 16. Kxg2 Qd5+ 17. Nf3 c5 18. Rfc1 Rfc8 19. Rc2 h6 20. h4 Nc6 21. a3 a6 22. Qc4 Qxc4 23. dxc4 Re8 24. Rd1 Re6 25. Kf1 a5 26. Ne1 a4 27. Nd3 b6 28. Rb1 Na5 29. Bd2 Nb3 30. Nf4 Rc6 31. Nd5 Ra7 32. Nf4 Rb7 33. Nd3 Kh7 34. Nc1 Bf6 35. Be1 g5 36. hxg5 hxg5 37. Nxb3 axb3 38. Rd2 b5 39. Rc1 bxc4 40. Rxc4 Kg6 41. Rd3 Kf7 42. e3 dxe3 43. Bc3 exf2 44. Rd5 Bxc3 45. Rxc3 Ke6 46. Rdxc5 Rxc5 47. Rxc5 Rd7 48. Rb5 Rd1+ 49. Kxf2 Rd2+ 50. Kg1 Rxb2 51. a4 Rb1+ 52. Kg2 Rb2+ 53. Kg1 Kf6 54. a5 Kg6 55. a6 Kh5 56. Rxf5 Kg4 57. a7 Ra2 58. Rb5 Rxa7 59. Rxb3 Ra2 60. Rc3 Rd2 61. Rb3 Kh3 62. g4+ Kxg4 63. Rc3 Kh4 64. Rb3 Ra2 65. Rc3 g4 66. Rb3 Ra1+ 67. Kg2 Ra2+ 68. Kg1 Rc2 69. Ra3 g3 70. Ra8 Kh3 1/2-1/2

[Event "Wisla BES op"]
[Site "Wisla"]
[Date "1992.??.??"]
[Round "4"]
[White "Ciemniak, Robert"]
[Black "Dabek, Roman"]
[Result "0-1"]
[WhiteElo "2335"]
[BlackElo "2340"]
[PlyCount "134"]
[EventDate "1992.??.??"]
[EventType "swiss"]
[EventRounds "9"]
[EventCountry "POL"]
[SourceTitle "TD"]
[Source "ChessBase"]
[SourceDate "1994.03.01"]
[SourceVersion "1"]
[SourceVersionDate "1994.03.01"]
[SourceQuality "1"]

1. e4 c5 2. Nf3 Nc6 3. d4 cxd4 4. Nxd4 Qc7 5. Nc3 e6 6. Be2 Nf6 7. 0-0 a6 8. Be3 Bb4 9. Nxc6 bxc6 10. Na4 d5 11. exd5 cxd5 12. Nb6 Rb8 13. Nxc8 Qxc8 14. c3 Bd6 15. Qa4+ Ke7 16. Rab1 Qc7 17. h3 a5 18. b4 Ne4 19. Qxa5 Qxa5 20. bxa5 Nxc3 21. Rbe1 Rhc8 22. Bd3 Bc5 23. Bf4 Bd6 24. Be3 Rb4 25. Rc1 Bf4 26. Rc2 e5 27. Rfc1 d4 28. Bxf4 exf4 29. a6 Kd6 30. Be4 Rc7 31. Kf1 g6 32. Bb7 Ra4 33. Ke1 Re7+ 34. Kd2 Ra3 35. Re1 Rxe1 36. Kxe1 Kc5 37. Kd2 Kc4 38. Be4 f5 39. Bd3+ Kd5 40. f3 Kc6 41. Bf1 Kd6 42. Bc4 Nd5 43. Bb3 Ne3 44. Rc1 Nxg2 45. Rc4 Rxa6 46. Rxd4+ Ke5 47. Rd5+ Kf6 48. a4 Nh4 49. Bd1 Ke6 50. Rb5 Ra7 51. a5 Kd6 52. Kd3 Ng2 53. Kd4 Ne3 54. Bb3 g5 55. Re5 Rb7 56. Re6+ Kd7 57. Rb6 Rxb6 58. axb6 Kc6 59. Ke5 Kxb6 60. Be6 Kc5 61. Bxf5 Nxf5 62. Kxf5 Kd4 63. Kxg5 Ke3 64. Kg4 h5+ 65. Kxh5 Kxf3 66. h4 Kg3 67. Kg5 f3 0-1

[Event "Wisla BES op"]
[Site "Wisla"]
[Date "1992.??.??"]
[Round "2"]
[White "Sorokin, Maxim"]
[Black "Dabek, Roman"]
[Result "1-0"]
[WhiteElo "2570"]
[BlackElo "2340"]
[PlyCount "77"]
[EventDate "1992.??.??"]
[EventType "swiss"]
[EventRounds "9"]
[EventCountry "POL"]
[SourceTitle "TD"]
[Source "ChessBase"]
[SourceDate "1994.03.01"]
[SourceVersion "1"]
[SourceVersionDate "1994.03.01"]
[SourceQuality "1"]

1. d4 Nf6 2. c4 e6 3. g3 d5 4. Bg2 c6 5. Nf3 Nbd7 6. Qc2 Bb4+ 7. Nbd2 Qe7 8. 0-0 0-0 9. e4 Bxd2 10. Nxd2 Nxe4 11. Nxe4 dxe4 12. Qxe4 Rd8 13. Rd1 Nf6 14. Qe2 Bd7 15. b3 Be8 16. a4 Rd7 17. Ba3 Qd8 18. Qe5 Ng4 19. Qc5 h5 20. h3 Nh6 21. Rd3 f6 22. Be4 Bf7 23. Rad1 Rc8 24. Bc1 b6 25. Qb4 Nf5 26. d5 c5 27. Qe1 Nd4 28. dxe6 Bxe6 29. Bb2 Nxb3 30. Bb7 Bxh3 31. Rxd7 Bxd7 32. Bxc8 Qxc8 33. Qe7 Nd4 34. Bxd4 Bxa4 35. Bxf6 Qg4 36. Rd6 h4 37. Bxg7 Qxg7 38. Rd8+ Kh7 39. Qe4+ 1-0